[Event "OP-2012-0-02102"]
[Site "LSS email"]
[Date "2012.03.11"]
[Round "?"]
[White "Vontina, Maria"]
[Black "Whyte, James"]
[Result "1-0"]
[WhiteElo "711"]
[BlackElo "800"]
[PlyCount "31"]
[EventDate "2012.03.07"]
[EventType "tourn (corr)"]
[EventRounds "4"]
[EventCountry "GER"]
[SourceTitle "Corr 2015"]
[Source "ChessBase"]
[SourceDate "2015.07.17"]
[SourceVersion "1"]
[SourceVersionDate "2015.07.17"]
[SourceQuality "1"]

1. e4 c5 2. Nf3 Nc6 3. d4 cxd4 4. Nxd4 Nf6 5. Nc3 e5 6. Ndb5 d6 7. Bg5 a6 8. Na3 b5 9. Nd5 Be7 10. Bxf6 Bxf6 11. c3 Bg5 12. Be2 0-0 13. 0-0 Ne7 14. Nc2 Nxd5 15. Qxd5 Be6 16. Qd1 1-0

[Event "OP-2012-0-02102"]
[Site "LSS email"]
[Date "2012.03.11"]
[Round "?"]
[White "Whyte, James"]
[Black "Secondi, Alberto"]
[Result "0-1"]
[WhiteElo "800"]
[BlackElo "611"]
[PlyCount "20"]
[EventDate "2012.03.07"]
[EventType "tourn (corr)"]
[EventRounds "4"]
[EventCountry "GER"]
[SourceTitle "Corr 2015"]
[Source "ChessBase"]
[SourceDate "2015.07.17"]
[SourceVersion "1"]
[SourceVersionDate "2015.07.17"]
[SourceQuality "1"]

1. e4 d5 2. exd5 Qxd5 3. Nc3 Qa5 4. d4 c6 5. Nf3 Nf6 6. Bd2 Bf5 7. Bc4 e6 8. Nh4 Bb4 9. a3 Bxc3 10. Bxc3 Qc7 0-1